L'ane de Buridan (Record no. 170600)

MARC details
000 -LEADER
campo de control de longitud fija 00672nam a22001815i 4500
001 - NÚMERO DE CONTROL
campo de control 170600
003 - IDENTIFICADOR DE NÚMERO DE CONTROL
campo de control ES-MaACL
005 - FECHA Y HORA DE LA ÚLTIMA TRANSACCIÓN
campo de control 20230906214419.0
008 - DATOS DE LONGITUD FIJA--INFORMACIÓN GENERAL
campo de control de longitud fija 090323s1909 fr |||| | fre d
080 ## - NÚMERO DE LA CLASIFICACIÓN DECIMAL UNIVERSAL
Número de la Clasificación Decimal Universal 821.133.1-2"19"
100 1# - ENTRADA PRINCIPAL--NOMBRE DE PERSONA
Nombre de persona Flers, Robert de.
9 (RLIN) 51180
245 12 - MENCIÓN DEL TÍTULO
Título L'ane de Buridan
Resto del título : comédie en trois actes /
Mención de responsabilidad, etc. par Robert de Flers et G.-A. de Caillavet.
260 ## - PUBLICACIÓN, DISTRIBUCIÓN, ETC.
Lugar de publicación, distribución, etc. [Paris :
Nombre del editor, distribuidor, etc. L'Illustration,
Fecha de publicación, distribución, etc. 1909]
300 ## - DESCRIPCIÓN FÍSICA
Extensión 36 p. :
Otras características físicas il. ;
Dimensiones 30 cm.
500 ## - NOTA GENERAL
Nota general Publicado en: L'Illustration théatrale, nº119, 1er mai 1909.
700 1# - ENTRADA AGREGADA--NOMBRE PERSONAL
Nombre de persona Caillavet, Gaston-Arman de.
9 (RLIN) 139185
852 ## - LOCALIZACIÓN
Ubicación ES-MaACL
Número de control de estantería 2278-F-22
itemnumber R.141171
Nota libre .- Biblioteca Jacinto Martínez Lacalle
Holdings
Estatus retirado Estado de pérdida Estado de daño No para préstamo Colección Biblioteca de origen Biblioteca actual Ubicación en estantería Fecha de adquisición Fuente de adquisición Total de préstamos Signatura topográfica completa Código de barras Visto por última vez Precio de reemplazo Tipo de ítem Koha
        Colección de folletos Biblioteca del Ateneo de Madrid Biblioteca del Ateneo de Madrid Depósito folletos 23/03/2009     2278-F-22 1179035 23/02/2023 23/02/2023 Folleto